| 000 | 00503caa a22001932a 4500 | ||
|---|---|---|---|
| 001 | 000714 | ||
| 003 | AR-FADEU | ||
| 008 | 311216n############xxu####################dd | ||
| 092 | _aPP(307)BOL | ||
| 100 | _aFinquelievich, Susana | ||
| 245 | _bTecnología y organización apropiadas en ciudades del Tercer Mundo | ||
| 245 | _aBoletín de medio ambiente y urbanización | ||
| 440 | _v3 | ||
| 440 | _n10 | ||
| 260 | _cabr 1985 | ||
| 650 | _aURBANIZACION | ||
| 650 | _aTECNOLOGIA | ||
| 942 | _cPPGR | ||
| 999 |
_c3492 _d3492 |
||